LEADER 01034nam a2200277 i 4500 001 991001142459707536 005 20020507111836.0 008 970110s1989 fr ||| | fre 020 $a285036066X 035 $ab10179586-39ule_inst 035 $aLE00642851$9ExL 040 $aDip.to Fisica$bita 084 $a4(038) 084 $a440 100 1 $aRobert, Paul$0333752 245 13$aLe Petit Robert 1 :$bdictionnaire alphabétique et analogique de la langue française /$cpar Paul Robert 260 $aParis :$bLe Robert,$c1989 300 $axxxi, 2172 p. ;$c24 cm. 650 4$aLingua francese-Dizionari 907 $a.b10179586$b02-04-14$c27-06-02 912 $a991001142459707536 945 $aLE006 4(038) ROB$g1$i2006000015264$lle006$o-$pE0.00$q-$rl$s- $t0$u1$v0$w1$x0$y.i10220343$z27-06-02 945 $aLE006 4(038) ROB$g2$i2006000083072$lle006$o-$pE0.00$q-$rl$s- $t0$u0$v0$w0$x0$y.i10220355$z27-06-02 996 $aPetit Robert 1$9189053 997 $aUNISALENTO 998 $ale006$b01-01-97$cm$da $e-$ffre$gfr $h3$i2 LEADER 01226nas 2200469-a 450 001 996203102803316 005 20230522010532.0 011 $a1873-4588 035 $a(DE-599)ZDB2111437-7 035 $a(OCoLC)52279265 035 $a(CKB)954925557473 035 $a(CONSER)--2004256118 035 $a(EXLCZ)99954925557473 100 $a20030520a19879999 s-- a 101 0 $aeng 135 $aurcn||||||||| 181 $ctxt$2rdacontent 182 $cc$2rdamedia 183 $acr$2rdacarrier 200 10$aJournal of voice 210 $a[Amsterdam] ;$a[New York] $cElsevier Science 300 $aRefereed/Peer-reviewed 311 $a0892-1997 531 $aJ VOICE 531 $aJOURNAL OF VOICE 531 $aJ. VOICE 606 $aVoice$vPeriodicals 606 $aVoice 606 $aVoice$2fast$3(OCoLC)fst01168739 608 $aPeriodical 608 $aPeriodicals.$2fast 608 $aPeriodicals.$2lcgft 615 0$aVoice 615 2$aVoice 615 7$aVoice. 676 $a612 712 02$aVoice Foundation. 712 02$aInternational Association of Phonosurgeons. 906 $aJOURNAL 912 $a996203102803316 996 $aJournal of voice$91897864 997 $aUNISA LEADER 02769nam 22005652 450 001 9910793756403321 005 20201123124542.0 010 $a1-64189-018-5 010 $a1-64189-919-0 010 $a1-64189-017-7 024 7 $a10.1515/9781641890175 035 $a(CKB)4100000008780955 035 $a(DE-B1597)541574 035 $a(OCoLC)1111434699 035 $a(DE-B1597)9781641890175 035 $a(UkCbUP)CR9781641890175 035 $a(MiAaPQ)EBC5841220 035 $a(EXLCZ)994100000008780955 100 $a20201011d2019|||| uy| 0 101 0 $aeng 135 $aur||||||||||| 181 $ctxt$2rdacontent 182 $cc$2rdamedia 183 $acr$2rdacarrier 200 10$aByzantine Gender /$fLeonora Neville$b[electronic resource] 210 1$aLeeds, United Kingdom :$cARC Humanities Press,$d2019. 215 $a1 online resource (100 pages) $cdigital, PDF file(s) 225 1 $aPast imperfect 300 $aTitle from publisher's bibliographic system (viewed on 20 Nov 2020). 311 0 $a1-64189-016-9 327 $tFront matter --$tContents --$tList of Illustrations --$tIntroduction --$tChapter 1. "Byzantine" People: Powerful Women and Wimpy Men --$tChapter 2. Medieval Roman Anthropology --$tChapter 3. Gender and Virtue --$tChapter 4. How Did Medieval Roman Women Get So Much Done? --$tChapter 5. Masculinity and Military Strength --$tChapter 6. Change Over Time --$tConclusion --$tFurther Reading 330 $aWhy were virtuous Byzantine women described as manly? Why were boys' bodies thought to be closer in constitution to those of women than adult men? Did Byzantines think eunuchs were men? This lively and personal book explains some key aspects of how people of the Medieval Roman Empire (Byzantine Empire) conceived of men and women, masculinity and femininity, and proper behaviour for men and women. By laying bare fundamental ideas about how gender was defined and performed, 'Byzantine Gender' enables readers to understand Byzantine society more fully. And by providing background information about Byzantine gender, it makes it easier to approach and appreciate the fascinating otherness of Byzantine culture. 410 0$aPast imperfect (ARC Humanities Press) 606 $aSex role$zByzantine Empire 607 $aByzantine Empire$xSocial life and customs 607 $aByzantine Empire$xCivilization 610 $aByzantine Empire. 610 $aEunuchs. 610 $aFemininity. 610 $aGender. 610 $aMasculinity. 615 0$aSex role 676 $a949.5 700 $aNeville$b Leonora Alice$f1970-$0778849 801 0$bUkCbUP 801 1$bUkCbUP 906 $aBOOK 912 $a9910793756403321 996 $aByzantine Gender$93771657 997 $aUNINA